000 00694nam a22002297a 4500
003 UA-OsUOA
001 95939
007 ta
008 20130312b un ||||| |||| 00| 0 ukr d
100 _aКудреватых Л.
090 _a821.161.1
_bК88
942 _cBK
040 _aUA-OsUOA
_brus
_cUA-OsUOA
_dUA-OsUOA
245 _aМои современники
_bочерки, литературные портреты, воспоминания
300 _a446 с.
955 _a3
041 _arus
080 _a821.161.1
260 _aМ.
_bСоветский писатель
_c1964
650 7 _a82 Література. Літературознавство
_2UDC
999 _c382185
_d382185